Every Disney Collab in Fortnite - Statistics

General Stats
  • This quiz has been taken 19 times
    5 since last reset
  • The average score is 4 of 25
Answer Stats
Hint Answer % Correct
CH1S4 Marvel
80%
CH2S1 Star Wars
80%
CH7S2 Toy Story
60%
CH5S4 Maleficent
40%
CH5S4 The Incredibles
40%
CH5S4 101 Dalmatians
20%
CH6S1 Avatar
20%
CH6S1 Big Hero 6
20%
CH5S1 Family Guy
20%
CH7S2 Hercules
20%
CH5S4 Peter Pan
20%
CH6MS2 The Simpsons
20%
CH2S5 Alien
0%
CH6S3 Bob's Burgers
0%
CH4S3 Futurama
0%
CH7S1 Hoppers
0%
CH3S3 Indiana Jones
0%
CH6S3 King of The Hill
0%
CH7S2 Phineas and Ferb
0%
CH5S3 Pirates of The Caribbean
0%
CH6S4(Movies) Power Rangers
0%
CH2S5 Predator
0%
CH4S4 The Nightmare Before Christmas
0%
CH2S5 Tron
0%
CH7S1(Toys) Tsum Tsums
0%
No matching quizzes found
Score Distribution
Percent of People with Each Score
Percentile by Number Answered
Your Score History
You have not taken this quiz since the last reset